| 000 | 00506nam a2200169Ia 4500 | ||
|---|---|---|---|
| 003 | OSt | ||
| 005 | 20201231120721.0 | ||
| 008 | 190216s9999||||xx |||||||||||||| ||und|| | ||
| 040 | _coclc | ||
| 082 |
_a494.81282421 _bVAR/K |
||
| 100 |
_aVarma, A R Rajaraja _98015 |
||
| 245 | 0 |
_aKerala Panineeyam / _cA R Rajaraja Varma _h |
|
| 260 |
_bNational Book Stall, _aKottayam: _c1961. |
||
| 300 | _a328p | ||
| 650 | _aSahithyam | ||
| 942 |
_cBK _2ddc _h494.81282421 _iVAR/K _k494.81282421 _mVAR/K |
||
| 999 |
_c24350 _d24350 |
||